000 00590nam a22001937a 4500
005 20250708163319.0
008 250708b |||||||| |||| 00| 0 eng d
020 _a978-1-285-43401-8
050 _aJF1351 .D6 2014
100 _aDENHARDT, ROBERT B.
245 _aPUBLIC ADMINISTRATION : AN ACTION ORIENTATION
250 _a7
260 _aBOSTON, MA,
_bCENGAGE LEARNING,
_c2014
300 _aXVIII,445P.:ILL
500 _aINCLUDES BIBLIOGRAPHICAL REFERENCES AND INDEX
650 _aPUBLIC ADMINISTRATION
700 _a1. DENHARDT, JANET V. 2. BLANC, TARA A.
942 _2lcc
_cBK
999 _c215859
_d215859